<?xml version="1.0" encoding="UTF-8"?>
<marc:record xmlns:marc="http://www.loc.gov/MARC21/slim">
   <marc:leader>00000nam a2200000 a 4500</marc:leader>
   <marc:datafield ind1="1" ind2=" " tag="100">
      <marc:subfield code="a">Colfer,  Eoin</marc:subfield>
      <marc:subfield code="4">aut</marc:subfield>
      <marc:subfield code="e">Verfasser/-in</marc:subfield>
   </marc:datafield>
   <marc:datafield ind1=" " ind2=" " tag="653">
      <marc:subfield code="a">Fantasy</marc:subfield>
   </marc:datafield>
   <marc:datafield ind1="0" ind2="0" tag="245">
      <marc:subfield code="a">Das magische Tor</marc:subfield>
   </marc:datafield>
   <marc:datafield ind1="0" ind2="0" tag="245">
      <marc:subfield code="b">Artemis Fowl 8</marc:subfield>
   </marc:datafield>
   <marc:datafield ind1=" " ind2="1" tag="264">
      <marc:subfield code="b">List</marc:subfield>
      <marc:subfield code="c">2013</marc:subfield>
   </marc:datafield>
   <marc:datafield ind1="1" ind2=" " tag="520">
      <marc:subfield code="a">Der letzte Teil der Artemis-Serie. Der große Showdown zwischen Artemis Fowl und Opal Koboi:Die bösartige Elfe will die Weltherrschaft an sich reißen. Dafür will sie das sagenumwobene magische Tor öffnen, das die gesamte Menschheit vernichten wird. Artemis hat natürlich einen Plan, wie er das verhindern kann. Doch diesmal handelt es sich um ein Selbstmordkommando. Holly Short ahnt, was Artemis vorhat. Und sie wird alles tun, um ihn von seinem sicheren Tod abzubringen. Aber auch das hat der geniale Meisterverbrecher einkalkuliert, und er täuscht Holly und seine Freunde mit einem brillanten Ablenkungsmanöver.Der achte Band der Artemis-Fowl-Serie leuchtet und kracht von der ersten bis zur letzten Seite. (Verlagstext)</marc:subfield>
   </marc:datafield>
   <marc:datafield ind1=" " ind2=" " tag="020">
      <marc:subfield code="a">9783471350966</marc:subfield>
      <marc:subfield code="9">9783471350966</marc:subfield>
   </marc:datafield>
</marc:record>
